| 000 | 01670nam a22002297a 4500 | ||
|---|---|---|---|
| 999 |
_c58325 _d58325 |
||
| 003 | Ge_BSU | ||
| 005 | 20211108120154.0 | ||
| 008 | 211104s2016 ge ||||| |||| 00| 0 geo d | ||
| 020 | _a9789941091292 | ||
| 041 | _ageo | ||
| 080 | _a123.1 გ-15 | ||
| 245 |
_aთავისუფლების იდეა ფილოსოფიაში, თეოლოგიასა და სოციალურ მეცნიერებებში = The Idea of Freedom in Philosophy, Theology and Social Sciences / _cკრებულის შემდგენელი და სამეცნიერო რედაქტორი თენგიზ ირემაძე ; ახალი საქართველოს უნ-ტი, კავკასიური ფილოსოფიისა და თეოლოგიის სამეცნიერო-კვლევითი არქივი. |
||
| 250 | _aპირველი გამოცემა | ||
| 264 |
_aთბილისი, _c2016. _bშპს "ფავორიტი სტილში", |
||
| 300 |
_a235 გვ. ; _b19 სმ. |
||
| 520 | _aრეზიუმე ინგლ. ენაზე. | ||
| 653 | _aფილოსოფია | ||
| 653 | _aთავისუფლება | ||
| 700 |
_aირემაძე, თენგიზ _eრედაქტორი _92229 |
||
| 710 |
_aახალი საქართველოს უნ-ტი. კავკასიური ფილოსოფიისა და თეოლოგიის სამეცნიერო-კვლევითი არქივი. _95946 |
||
| 942 |
_2udc _cBK |
||